Quizzes
Events
Quiz Creation
Community
Videos
Private Events
Remove Ads
Sign In
Join for FREE
Feedback
Dark Mode
Quiz Categories
Sports
Geography
Music
Movies
Television
Just For Fun
Miscellaneous
History
Literature
Language
Science
Gaming
Entertainment
Religion
Holiday
For Kids
Quiz Lab
Recent
Popular Today
Quiz Kudos Today
Editor Picks
Curator Picks
Quizzes by...
Day
Popularity
Type
Ratings
Length
Year
Community
Subscriptions
Recent Discussions
Orange Saloon
Badges
Playlists
Quests
Create
Leaderboards
Showdown
Live 5
Trivia Bingo
Activity
Puzzle Library
Sporcle Events
Private Events
Virtual Trivia
Globe League
Become a Host
Pub Owners
SporcleCon
Opinionation
Our Games
Videos
Blog
Mobile Apps
Partnerships
Remove Ads and Go Orange
Feedback
Miscellaneous
Crossword
General Knowledge
Baby Names
Logo
Food
Cars
Numbers
Grab Bag
University
College
Popular
Company
Slogans
Restaurants
Justice
Letter
Miscellaneous
Crossword
General Knowledge
Baby Names
Logo
Food
Cars
Numbers
Grab Bag
University
College
Popular
Company
Slogans
Restaurants
Justice
Letter
Random Quiz
Search Sporcle
×
Quiz Lab
Quiz Lab
Miscellaneous
Grab Bag
Type in answers that appear in a list
Type in answers that appear in a list
Classic
Best Score? Go Orange.
Analogy Grab Bag Stats
Can you name the missing link to these analogy pairs?
By
sporclove
4m
16 Questions
5,665 Plays
5,665 Plays
5,665 Plays
Comments
Comments
Give Quiz Kudos
Give Quiz Kudos
-
- Ratings
hide this ad
Replay
Link that replays current quiz
Next Quiz
Link to next quiz in quiz playlist
You Got
0%
They Got
Avg Score
57%
Avg Friend Score
Upgrade to see
Score Distribution
Jump to the score distribution portion of the page
Score
0/16
Timer
04:00
0
Plays Today
A is to B
Fill in the blank
% Correct
Leaf : Plant ::
Tree
97%
Tom Cruise : Top Gun ::
Tom Hanks
93.6%
Elephant : Republican ::
Donkey
87.6%
Brick : House ::
Igloo
78.8%
8 : 24 :: (ratio)
42
67.3%
Love : Tennis ::
Nil
66.8%
Blue : Orange ::
Purple
57.4%
Seal : Pup ::
Kid
57.2%
A is to B
Fill in the blank
% Correct
Las Vegas : Sin City ::
The City of Brotherly Love
56.5%
School : Fish ::
Pod
46.7%
Augusta : Maine ::
Bogota
46.5%
Kramer : Jerry Seinfeld ::
Quagmire
44%
George W. Bush : John Edwards ::
Sarah Palin
36.9%
Aerosmith : Steven Tyler ::
Eddie Vedder
35%
Huit : French ::
Ocho
33.2%
Celie : The Color Purple ::
Nick
18.1%
Quiz Playlist
Details
Report
Send in Message
Add To Playlist
Classic:
Type in answers that appear in a list
Last Updated: Feb 16, 2017
Quiz Scoreboard
CHALLENGE
Sign Up to Join the Scoreboard
Show All
Scores
Hide
Comments
May contain spoilers
Recently Published
Women Country Music Singer Match-Up
by babymonkee
Music
5m
TV Characters by Other Roles V
by ghcgh
Television
5m
Decade Duel: World Leaders
by jenniferyan
History
4m
More to Explore
Quiz From the Vault
Featured Blog Post
15 Basketball Trivia Facts You Can Be March Mad About
hide this ad
You Might Also Like...
Tags
Grab Bag Quiz
Analogy
bag
blank
link
Today's Top Quizzes in Miscellaneous
Browse Miscellaneous
hide this ad
Today's Top Quizzes in Grab Bag
Browse Grab Bag
Top Contributed Quizzes in Miscellaneous
1
The JOE quick-fire general knowledge quiz: Day 166
2
The JOE quick-fire general knowledge quiz: Day 167
3
Spring Months consonants
4
The JOE quick-fire general knowledge quiz: Day 165
5
Pick 6: Supreme Pizza
6
Four Seasons
7
Pick 6: Vegetables
8
Pick 6: University Mascots
9
Guess the 'S' Things in 3 Words
10
The JOE quick-fire general knowledge quiz: Day 164
Explore More
Trending Topics
Marvel
Kpop
Harry Potter
NBA
Crossword
Anime
Disney
Pokémon
Puzzle
Country
Soccer
Song
WWE
NFL
The Office
hide this ad
More By:
sporclove
Quiz
Plays
Rating
Category
Featured
Created
Analogy Grab Bag
5,665
3.52
Miscellaneous
Oct 15, 2009
Fun with Before and After!
397
4.33
Miscellaneous
Sep 25, 2009
Go to Creator's Profile
Score Distribution
Quiz Creator Spotlight
sporclove
Follow
Send a Message
Quizzes Created
-
Created Quiz Play Count
-
More By This Creator
Popular Quizzes Today
1
Countries of Asia Without Outlines Minefield
2
Find the US States - No Outlines Minefield
3
Pick 6: Fruits
4
The Countries of the World
5
Find the Countries of Europe - No Outlines Minefield
6
Alphabetical 'K' Countries by Flag Minefield
7
Find the US States
8
US States
More Miscellaneous Quizzes
Guess the Ferrari
Quiz Lab
Trending Quizzes
Pick 6: Mountains
Pick 6: Harry Potter
Pick 6: NFL Teams
Pick 6: Flags
C Names for Actors
Recently Updated
Adaptations: Name the Title
pecheneg
NWSL Teams
pecheneg
Women's Final Four Teams by Year
bhenderson79
Presidents Quartet II
eogle
Anything But Clue(do)
eogle
Anything But Oceanian Capitals
eogle
Anything But 7
eogle
Anything But Thing
eogle
Word Ladder: February 29
pecheneg
Song Title Questions
pecheneg
Trending Topics
NBA
Crossword
Kpop
Harry Potter
Marvel
Anime
Disney
Pokémon
Soccer
Country
Song
WWE
NFL
Puzzle
The Office
Your Account Isn't Verified!
In order to create a playlist on Sporcle, you need to verify the email address you used during registration. Go to your
Sporcle Settings
to finish the process.
Report this User
Report this user for behavior that violates our
Community Guidelines
.
Details:
Send Report
Go to the Sporcle.com Mobile Site →
Comments